000 00309nam a22001337a 4500
008 171030b xxu||||| |||| 00| 0 eng d
020 _a9780136086314
041 _aeng
080 _29TH
_a336
100 _a56
101 _aFIN
245 _aUNDERSTANDING FINANCIAL STATEMENTS
_cFRASER,L.M
942 _2udc
_cBK
999 _c36376
_d36376